00422 a2200133 4500020001500000040001300015100002500028245011600053260003200169300002400201650001500225700001800240700003000258 a0262194554 aDLCbDLC1 aSussman, Gerald Jay.10aStructure and interpretation of classical mechanicscGerald Jay Sussman and Jack Wisdom with Meinhard E. Mayer. aIndia. :bMIT Press,c2001. axxi, 534 p. :bill. 0aMechanics.1 aWisdom, Jack.1 aMayer, Meinhard E.d1929-